• 首页
  • 本馆介绍
  • 公告通知
  • 最新文献
  • 馆藏检索
  • 电子资源
  • 读者导购
  • 参考咨询
  • 我的图书馆
  • 登录
  • 详细信息显示
  • 放入我的书架
  • 预约/预借图书
  • 作者相关作品
  • 分类相关作品
  • 丛书相关作品
  • 出版社相关作品

书目信息

  • 表格格式
  • 工作单格式
  • 卡片格式
题名:
流动的固体
    
 
作者: 中川鹤太郎 著 ;宋玉升 译
分册:  
出版信息: 北京   科学出版社  1983
页数: 151页
开本: 19cm
丛书名:
单 册:
中图分类: O37
科图分类:
主题词: 流体动力学:固体力学 , 固体力学:流体动力学
电子资源:
ISBN:
000 00707nam0 2200253 45
001 0183011548
005 20060805173020.81
010    @dCNY0.65
091    @a13031.2356
100    @a19950726d1983 em y0chiy0121 ea
101 1  @achi@cjpn
102    @aCN@b110000
105    @ay z 000yy
200 10 @a流动的固体@Aliu dong de gu ti@f(日)中川鹤太郎著@g宋玉升译
210    @a北京@c科学出版社@d1983
215    @a151页@d19cm
606    @a流体动力学:固体力学
606    @a固体力学:流体动力学
690    @aO37@v3
701  0 @a中川鹤太郎@Azhong chuan he tai lang@4著
702  0 @a宋玉升@Asong yu sheng@4译
801  2 @aCN@bNLC@c20060805
801  0 @aCN@b上海图书馆@c20040518
905    @dO37@e6@f1@b94470
    
    流动的固体/(日)中川鹤太郎著/宋玉升译.-北京:科学出版社,1983
    151页;19cm
    
    
    ISBN :CNY0.65
    
●
相关链接 在E读中查询图书 在五车中查询图书 在当当中查询图书 在豆瓣中查询图书


正题名:流动的固体     索取号:O37/6         预约/预借

序号 登录号 条形码 馆藏地/架位号 状态 备注
1 0094469   000386567   第三借阅区/ [索取号:O37/6] 在馆    
2 0094470   001959553   第三借阅区/ [索取号:O37/6] 在馆    
3 0094471   000386594   第三借阅区/ [索取号:O37/6] 在馆    
4 0094472   000386576   第三借阅区/ [索取号:O37/6] 在馆    
5 0094473   000386585   第二样本阅览室/ [索取号:O37/6] 在馆    
6 0451682   204516826   密集书库/ [索取号:O37/6] 在馆    
唐山师范学院图书馆 欢迎您!
大连网信软件有限公司© 版权所有